000 02293nam a2200337Ia 4500
999 _c51325
_d51325
001 18294
003 GE_BSU
005 20230619100830.0
008 181216s2015||||ge |||||||||||||| ||geo||
020 _a9789941182327
040 _cGE_BSU
041 _ageo
080 _a070+32.001 ჰ-42
100 _aჰელინი, დ.
_918787
245 _aმედიასისტემების შედარება :
_bმედია და პოლიტიკური სისტემების სამი მოდელი /
_cდენიელ ჰელინი, პაოლო მანჩინი ; მთარგმნელი მერაბ ბასილაია ; რედაქტორები: ნატალია ვაჩეიშვილი, თეა ქიტოშვილი ; სამეცნ. რედაქტორი თამარ კინწურაშვილი ; ყდის დიზაინი თამარ ბასილაია.
264 _aთბილისი :
_b ილიას სახელმწ. უნ-ტი,
_c2015.
300 _a428 გვ.;
_b23 სმ.
500 _aდაფინანსებულია საქართველოში აშშ-ს საელჩოს თარგმნის პროგრამის ფარგლებში.
501 _aსაძიებელი: გვ. 426-428.
504 _aბიბლიოგრაფია: გვ. 424-425.
541 _h9ლ.30თ.
653 _a ჟურნალისტიკა
653 _a პოლიტიკური სისტემები
700 _aმანჩინი, პაოლო
_eავტორი
_918788
700 _aბასილაია, მერაბ
_eმთარგმნელი
_918789
700 _a ვაჩეიშვილი, ნატალია
_eრედაქტორი
_918790
700 _a ქიტოშვილი, თეა
_eრედაქტორი
_918791
700 _a კინწურაშვილი, თამარ
_eსამეცნ. რედაქტორი
_918792
700 _a ბასილაია, თამარ
_eყდის დიზაინერი
_918793
942 _cBK
_2udc